LEADER 03077oam 2200685I 450 001 9910454897303321 005 20200520144314.0 010 $a0-429-06281-8 010 $a1-282-27835-5 010 $a9786612278358 010 $a0-203-09288-0 024 7 $a10.3109/9780203092880 035 $a(CKB)1000000000804051 035 $a(EBL)1407461 035 $a(SSID)ssj0000298525 035 $a(PQKBManifestationID)11214961 035 $a(PQKBTitleCode)TC0000298525 035 $a(PQKBWorkID)10342690 035 $a(PQKB)10786948 035 $a(MiAaPQ)EBC1407461 035 $a(MiAaPQ)EBC455822 035 $a(Au-PeEL)EBL1407461 035 $a(CaPaEBR)ebr10329950 035 $a(CaONFJC)MIL227835 035 $a(OCoLC)899155685 035 $a(OCoLC)892786475 035 $a(Au-PeEL)EBL455822 035 $a(OCoLC)466858229 035 $a(EXLCZ)991000000000804051 100 $a20180331d2010 uy 0 101 0 $aeng 135 $aur|n|---||||| 181 $ctxt 182 $cc 183 $acr 200 00$aHepatocellular carcinoma $ea practical approach /$fedited by Bandar Al Knawy, K. Rajender Reddy, Luigi Bolondi 210 1$aBoca Raton, Fla. :$cCRC Press,$d2010. 215 $a1 online resource (172 p.) 300 $aDescription based upon print version of record. 311 $a1-84184-802-6 311 $a0-415-48080-9 320 $aIncludes bibliographical references and index. 327 $aFront Cover; Contents; Contributors; Preface; 1 Epidemiology of the Hepatocellular Carcinoma; 2 Molecular Pathogenesis; 3 HCC Screening and Surveillance; 4 Prevention of Hepatocellular Carcinoma; 5 Tumor Markers and Molecular Biology; 6 Imaging of Hepatocellular Carcinoma; 7 Staging; 8 Local Ablation Therapy; 9 Chemotherapy and Novel Systemic Therapies; 10 Chemoembolization, Radioembolization, and Other Novel Intra-arterial Therapies; 11 Liver Resection; 12 Liver Transplantation as Treatment for HCC; Index; Back Cover 330 $aAn essential resource for gastroenterologists, hepatologists, liver surgeons, hepatobiliary surgeons, oncologists, and all those working in the field of hepatocellular carcinoma (HCC), Hepatocellular Carcinoma: A Practical Approach covers the updates and recent developments on the diagnosis, screening, and comprehensive medical and surgical management of HCC.This one-of-a-kind textbook explores all aspects of the disease using a practical, evidence-based approach, and provides step-by-step treatment guidelines that are applicable to all clinical scenarios.Highlights in the text include:screeni 606 $aLiver$xCancer 606 $aOncology 608 $aElectronic books. 615 0$aLiver$xCancer. 615 0$aOncology. 676 $a616.99436 701 $aAl Knawy$b Bandar$01054237 701 $aReddy$b K. Rajender$0926130 701 $aBolondi$b L$01054238 801 0$bMiAaPQ 801 1$bMiAaPQ 801 2$bMiAaPQ 906 $aBOOK 912 $a9910454897303321 996 $aHepatocellular carcinoma$92486673 997 $aUNINA